| 000 | 01627cam a2200409 i 4500 | ||
|---|---|---|---|
| 003 | EG-GICUC | ||
| 005 | 20260122144151.0 | ||
| 008 | 080401s2007 enk frb 001 0 eng d | ||
| 020 |
_a9780521878029 _qhbk. |
||
| 020 | _a9780521141987 | ||
| 020 |
_a0521878020 _qhbk. |
||
| 040 |
_aUKM _cUKM _dBTCTA _dBAKER _dYDXCP _dC#P _dGZL _dDLC _dEG-GICUC _beng _erda |
||
| 050 | 0 | 0 |
_aKZ6373 _b.F37 2007 |
| 082 | 0 | 4 |
_a341.23 _221 |
| 092 | 0 | 4 | _221 |
| 099 | _aLaw 11 2007 | ||
| 100 | 1 | _aFarrall, Jeremy Matam. | |
| 245 | 1 | 0 |
_aUnited Nations sanctions and the rule of law / _cby Jeremy Matam Farrall. |
| 264 |
_aCambridge : _bCambridge University Press, _c2007. |
||
| 300 |
_axxv, 542 pages ; _c24 cm. |
||
| 336 |
_atext _2rdacontent |
||
| 337 |
_aComputer _2rdamedia |
||
| 338 |
_aOnline Resource _2rdacarrier |
||
| 440 | 0 | _aCambridge studies in international and comparative law | |
| 504 | _aIncludes bibliographical references (p. 493-523) and index. | ||
| 610 | 2 | 0 |
_aUnited Nations _xSanctions. |
| 650 | 0 | _aSanctions (International law) | |
| 650 | 0 | _aEconomic sanctions. | |
| 650 | 0 | _aRule of law. | |
| 856 | 4 | 2 | _uhttps://fll.law.cu.edu.eg/fulltext/bks/ENGB11-00100.pdf |
| 856 | 4 | 2 |
_3Contributor biographical information _uhttp://www.loc.gov/catdir/enhancements/fy0834/2008272932-b.html |
| 856 | 4 | 2 |
_3Publisher description _uhttp://www.loc.gov/catdir/enhancements/fy0834/2008272932-d.html |
| 856 | 4 | 1 |
_3Table of contents only _uhttp://www.loc.gov/catdir/enhancements/fy0834/2008272932-t.html |
| 856 | 4 | 1 |
_3Table of contents _uhttp://www.loc.gov/catdir/toc/fy0803/2008272932.html |
| 905 | _a10 | ||
| 942 |
_2ddc _cBK _e21 _n0 |
||
| 999 |
_c58668 _d58668 |
||